00301pam a2200121 a 4500020000500000041000500005082001000010100006300020245006100083250000900144260001800153300000800171 c h a301.1 amc DAVIDd (john w) / HARARI (Herbert) harari(herbeeauthor asocial psycology,Individual groups etchTextual Document a1st  bC.B.S Fc1986 a479